[Event "DVM U14 2024"]
[Site "Heidelberg GER"]
[Date "2024.12.30"]
[Round "7"]
[White "Sitnik, Arthur"]
[Black "Arora, Ryan"]
[Result "1-0"]
[Termination "normal"]
[Board "4.4"]
[WhiteElo "1668"]
[BlackElo "1390"]
[WhiteClock "00:19:28"]
[BlackClock "00:11:22"]
[WhiteTeam "SK Kelheim 1920"]
[BlackTeam "SV 1947 Walldorf"]
[PlyCount "61"]
[WhiteFideId "34608150"]
[BlackFideId "34660917"]
[EventCountry "GER"]
[EventRounds "7"]
[EventType "team-swiss"]
[EventDate "2024.12.26"]

1. e4 {[%clk 01:30:59]} {[%emt 00:00:01]} c5 {[%clk 01:30:56]} {[%emt
00:00:05]} 2. Nf3 {[%clk 01:31:25]} {[%emt 00:00:04]} Nc6 {[%clk 01:31:25]}
{[%emt 00:00:02]} 3. d4 {[%clk 01:31:43]} {[%emt 00:00:12]} cxd4 {[%clk
01:31:51]} {[%emt 00:00:04]} 4. Nxd4 {[%clk 01:32:08]} {[%emt 00:00:05]} Nf6
{[%clk 01:32:16]} {[%emt 00:00:04]} 5. Nc3 {[%clk 01:32:25]} {[%emt 00:00:13]}
e5 {[%clk 01:32:41]} {[%emt 00:00:05]} 6. Ndb5 {[%clk 01:30:21]} {[%emt
00:02:34]} d6 {[%clk 01:32:11]} {[%emt 00:01:00]} 7. Bg5 {[%clk 01:24:01]}
{[%emt 00:06:50]} a6 {[%clk 01:32:35]} {[%emt 00:00:07]} 8. Bxf6 {[%clk
01:21:03]} {[%emt 00:03:27]} gxf6 {[%clk 01:32:56]} {[%emt 00:00:10]} 9. Na3
{[%clk 01:21:27]} {[%emt 00:00:06]} b5 {[%clk 01:32:54]} {[%emt 00:00:31]} 10.
Nd5 {[%clk 01:21:41]} {[%emt 00:00:15]} f5 {[%clk 01:32:41]} {[%emt 00:00:43]}
11. exf5 {[%clk 01:19:07]} {[%emt 00:03:04]} Bxf5 {[%clk 01:32:07]} {[%emt
00:01:04]} 12. c3 {[%clk 01:15:14]} {[%emt 00:04:23]} Ra7 {[%clk 01:17:28]}
{[%emt 00:15:09]} 13. Qf3 {[%clk 01:10:37]} {[%emt 00:05:06]} Qg5 {[%clk
01:13:51]} {[%emt 00:04:07]} 14. g4 {[%clk 01:08:17]} {[%emt 00:02:51]} Bd7
{[%clk 01:06:53]} {[%emt 00:07:28]} 15. h4 {[%clk 01:03:29]} {[%emt 00:05:18]}
Qg7 {[%clk 01:03:00]} {[%emt 00:04:23]} 16. Nf6+ {[%clk 01:00:23]} {[%emt
00:03:36]} Ke7 {[%clk 01:02:09]} {[%emt 00:01:22]} 17. g5 {[%clk 00:49:01]}
{[%emt 00:11:52]} h6 {[%clk 00:59:10]} {[%emt 00:03:29]} 18. Rg1 {[%clk
00:49:16]} {[%emt 00:00:14]} hxg5 {[%clk 00:45:24]} {[%emt 00:14:16]} 19. hxg5
{[%clk 00:49:09]} {[%emt 00:00:37]} Nd8 {[%clk 00:44:53]} {[%emt 00:01:01]} 20.
Nc2 {[%clk 00:42:51]} {[%emt 00:06:49]} Ne6 {[%emt 00:07:50]} 21. O-O-O {[%clk
00:39:44]} {[%emt 00:00:02]} Nxg5 {[%clk 00:28:06]} {[%emt 00:14:01]} 22. Nd5+
{[%clk 00:40:07]} {[%emt 00:00:07]} Kd8 {[%clk 00:28:28]} {[%emt 00:00:08]} 23.
Qe3 {[%clk 00:40:18]} {[%emt 00:00:19]} Rb7 {[%clk 00:25:58]} {[%emt 00:03:00]}
24. Rxg5 {[%clk 00:34:04]} {[%emt 00:06:44]} Qh7 {[%clk 00:24:42]} {[%emt
00:01:46]} 25. Rg1 {[%clk 00:31:35]} {[%emt 00:02:58]} Bh6 {[%clk 00:22:26]}
{[%emt 00:02:47]} 26. f4 {[%clk 00:32:00]} {[%emt 00:00:05]} Be6 {[%clk
00:14:58]} {[%emt 00:07:58]} 27. Kb1 {[%clk 00:29:43]} {[%emt 00:02:47]} Bf5
{[%clk 00:14:01]} {[%emt 00:01:27]} 28. Bd3 {[%clk 00:23:27]} {[%emt 00:06:46]}
exf4 {[%clk 00:12:27]} {[%emt 00:02:04]} 29. Qf3 {[%clk 00:22:50]} {[%emt
00:01:08]} Bxd3 {[%clk 00:11:55]} {[%emt 00:01:01]} 30. Rxd3 {[%clk 00:23:12]}
{[%emt 00:00:08]} Ra7 {[%clk 00:11:22]} {[%emt 00:01:03]} 31. Nd4 {[%clk
00:19:28]} {[%emt 00:04:13]} 1-0

[Event "DVM U14 2024"]
[Site "Heidelberg GER"]
[Date "2024.12.30"]
[Round "7"]
[White "Li, Yunqi"]
[Black "Haertel, Leon"]
[Result "1-0"]
[Termination "normal"]
[Board "5.1"]
[WhiteElo "1990"]
[BlackElo "1839"]
[WhiteClock "00:40:12"]
[BlackClock "00:30:06"]
[WhiteTeam "SF 59 Kornwestheim"]
[BlackTeam "Hamburger SK 1830"]
[PlyCount "87"]
[WhiteFideId "34610618"]
[BlackFideId "34623736"]
[EventCountry "GER"]
[EventRounds "7"]
[EventType "team-swiss"]
[EventDate "2024.12.26"]

1. d4 {[%clk 01:30:56]} {[%emt 00:00:03]} Nf6 {[%clk 01:30:50]} {[%emt
00:00:10]} 2. Nf3 {[%clk 01:30:28]} {[%emt 00:00:58]} e6 {[%clk 01:30:48]}
{[%emt 00:00:33]} 3. Bg5 {[%clk 01:30:52]} {[%emt 00:00:06]} Be7 {[%clk
01:29:24]} {[%emt 00:01:55]} 4. e3 {[%clk 01:30:02]} {[%emt 00:01:19]} d5
{[%clk 01:29:40]} {[%emt 00:00:14]} 5. Bd3 {[%clk 01:29:20]} {[%emt 00:01:12]}
a6 {[%clk 01:27:01]} {[%emt 00:03:10]} 6. Nbd2 {[%clk 01:29:11]} {[%emt
00:00:39]} c5 {[%clk 01:26:26]} {[%emt 00:01:05]} 7. c3 {[%clk 01:29:04]}
{[%emt 00:00:38]} Nc6 {[%clk 01:22:54]} {[%emt 00:04:01]} 8. Ne5 {[%clk
01:25:30]} {[%emt 00:04:03]} Nxe5 {[%clk 01:15:44]} {[%emt 00:07:39]} 9. dxe5
{[%clk 01:24:13]} {[%emt 00:01:48]} Nd7 {[%clk 01:15:26]} {[%emt 00:00:48]} 10.
Bf4 {[%clk 01:17:05]} {[%emt 00:07:38]} h5 {[%clk 00:59:27]} {[%emt 00:16:28]}
11. h3 {[%clk 01:13:15]} {[%emt 00:04:20]} Qc7 {[%clk 00:52:51]} {[%emt
00:07:06]} 12. Nf3 {[%clk 01:11:43]} {[%emt 00:02:01]} g5 {[%clk 00:36:24]}
{[%emt 00:16:57]} 13. Bg3 {[%clk 01:10:54]} {[%emt 00:01:20]} b6 {[%clk
00:35:07]} {[%emt 00:01:47]} 14. Rc1 {[%clk 00:52:00]} {[%emt 00:19:24]} Bb7
{[%clk 00:27:57]} {[%emt 00:07:40]} 15. Qe2 {[%clk 00:51:12]} {[%emt 00:01:18]}
c4 {[%clk 00:24:22]} {[%emt 00:04:05]} 16. Bc2 {[%clk 00:51:23]} {[%emt
00:00:18]} O-O-O {[%clk 00:24:31]} {[%emt 00:00:21]} 17. Rd1 {[%clk 00:45:00]}
{[%emt 00:06:54]} g4 {[%clk 00:20:56]} {[%emt 00:04:04]} 18. hxg4 {[%clk
00:43:49]} {[%emt 00:01:41]} hxg4 {[%clk 00:20:05]} {[%emt 00:01:22]} 19. Rxh8
{[%clk 00:42:13]} {[%emt 00:02:06]} Rxh8 {[%clk 00:20:18]} {[%emt 00:00:17]}
20. Nh2 {[%clk 00:41:06]} {[%emt 00:01:37]} Nxe5 {[%clk 00:10:16]} {[%emt
00:10:32]} 21. Nxg4 {[%clk 00:36:16]} {[%emt 00:05:20]} Bd6 {[%clk 00:09:40]}
{[%emt 00:01:06]} 22. Nxe5 {[%clk 00:35:14]} {[%emt 00:01:32]} Bxe5 {[%clk
00:10:01]} {[%emt 00:00:09]} 23. Bxe5 {[%clk 00:34:46]} {[%emt 00:00:58]} Qxe5
{[%clk 00:10:29]} {[%emt 00:00:03]} 24. Qg4 {[%clk 00:34:44]} {[%emt 00:00:31]}
Qc7 {[%clk 00:07:01]} {[%emt 00:03:59]} 25. Ke2 {[%clk 00:30:47]} {[%emt
00:04:27]} Kb8 {[%clk 00:06:55]} {[%emt 00:00:35]} 26. Qg7 {[%clk 00:29:27]}
{[%emt 00:01:51]} Rh2 {[%clk 00:06:45]} {[%emt 00:00:39]} 27. Rd4 {[%clk
00:29:25]} {[%emt 00:00:32]} e5 {[%clk 00:06:16]} {[%emt 00:01:00]} 28. Rg4
{[%clk 00:29:01]} {[%emt 00:00:55]} d4 {[%clk 00:05:09]} {[%emt 00:01:37]} 29.
cxd4 {[%clk 00:22:29]} {[%emt 00:07:01]} exd4 {[%clk 00:05:25]} {[%emt
00:00:14]} 30. Rxd4 {[%clk 00:20:14]} {[%emt 00:02:46]} Rxg2 {[%clk 00:05:40]}
{[%emt 00:00:14]} 31. Qf8+ {[%clk 00:17:19]} {[%emt 00:03:25]} Ka7 {[%clk
00:04:35]} {[%emt 00:01:36]} 32. Be4 {[%clk 00:16:08]} {[%emt 00:01:40]} c3
{[%clk 00:01:53]} {[%emt 00:03:12]} 33. bxc3 {[%clk 00:14:54]} {[%emt
00:01:45]} Rxf2+ {[%clk 00:00:31]} {[%emt 00:01:52]} 34. Kxf2 {[%clk 00:14:28]}
{[%emt 00:00:55]} Qh2+ {[%clk 00:00:56]} {[%emt 00:00:05]} 35. Kf3 {[%clk
00:12:59]} {[%emt 00:01:59]} Qh5+ {[%clk 00:00:31]} {[%emt 00:00:55]} 36. Kf4
{[%clk 00:11:40]} {[%emt 00:01:49]} Qh4+ {[%clk 00:00:41]} {[%emt 00:00:20]}
37. Ke5 {[%clk 00:11:11]} {[%emt 00:01:00]} Qg3+ {[%clk 00:00:31]} {[%emt
00:00:40]} 38. Kf5 {[%clk 00:10:01]} {[%emt 00:01:40]} Bc8+ {[%clk 00:00:42]}
{[%emt 00:00:20]} 39. Kf6 {[%clk 00:09:16]} {[%emt 00:01:15]} Qf2+ {[%clk
00:00:32]} {[%emt 00:00:40]} 40. Ke7 {[%clk 00:09:14]} {[%emt 00:00:31]} Qh4
{[%clk 00:00:53]} {[%emt 00:00:08]} 41. Ke8 {[%clk 00:09:12]} {[%emt 00:00:32]}
Bd7+ {[%clk 00:29:18]} {[%emt 00:02:06]} 42. Rxd7+ {[%clk 00:39:23]} {[%emt
00:00:19]} Kb8 {[%clk 00:29:42]} {[%emt 00:00:06]} 43. Kxf7+ {[%clk 00:39:47]}
{[%emt 00:00:05]} Qd8 {[%clk 00:30:06]} {[%emt 00:00:06]} 44. Qxd8# {[%clk
00:40:12]} {[%emt 00:00:05]} 1-0

[Event "DVM U14 2024"]
[Site "Heidelberg GER"]
[Date "2024.12.30"]
[Round "7"]
[White "Derhay, Davyd"]
[Black "Retzlaff, Kian"]
[Result "1-0"]
[Termination "normal"]
[Board "5.2"]
[WhiteElo "1665"]
[BlackElo "1826"]
[WhiteClock "00:14:44"]
[BlackClock "00:01:13"]
[WhiteTeam "Hamburger SK 1830"]
[BlackTeam "SF 59 Kornwestheim"]
[PlyCount "149"]
[WhiteFideId "34130624"]
[BlackFideId "34606700"]
[EventCountry "GER"]
[EventRounds "7"]
[EventType "team-swiss"]
[EventDate "2024.12.26"]

1. d4 {[%clk 01:30:08]} {[%emt 00:00:52]} Nf6 {[%clk 01:30:45]} {[%emt
00:00:14]} 2. Nf3 {[%clk 01:30:34]} {[%emt 00:00:06]} g6 {[%clk 01:31:08]}
{[%emt 00:00:06]} 3. Bf4 {[%clk 01:30:56]} {[%emt 00:00:08]} Bg7 {[%clk
01:31:33]} {[%emt 00:00:04]} 4. e3 {[%clk 01:31:08]} {[%emt 00:00:18]} d6
{[%clk 01:31:40]} {[%emt 00:00:23]} 5. Be2 {[%clk 01:30:55]} {[%emt 00:00:44]}
O-O {[%clk 01:28:35]} {[%emt 00:03:32]} 6. O-O {[%clk 01:31:20]} {[%emt
00:00:08]} Nbd7 {[%clk 01:22:36]} {[%emt 00:06:22]} 7. Nbd2 {[%clk 01:27:45]}
{[%emt 00:04:13]} Re8 {[%clk 01:19:54]} {[%emt 00:03:10]} 8. Nb3 {[%clk
01:24:00]} {[%emt 00:04:16]} Nh5 {[%clk 01:13:37]} {[%emt 00:06:41]} 9. Bg5
{[%clk 01:16:48]} {[%emt 00:07:48]} h6 {[%clk 01:13:56]} {[%emt 00:00:10]} 10.
Bh4 {[%clk 01:17:09]} {[%emt 00:00:10]} g5 {[%clk 01:03:32]} {[%emt 00:10:53]}
11. Nfd2 {[%clk 01:16:14]} {[%emt 00:01:26]} Nhf6 {[%clk 01:02:20]} {[%emt
00:01:39]} 12. Bg3 {[%clk 01:16:39]} {[%emt 00:00:07]} e5 {[%clk 01:01:24]}
{[%emt 00:01:27]} 13. c4 {[%clk 01:09:08]} {[%emt 00:08:01]} a5 {[%clk
00:55:24]} {[%emt 00:06:29]} 14. a4 {[%clk 01:06:27]} {[%emt 00:03:12]} b6
{[%clk 00:54:46]} {[%emt 00:01:08]} 15. Qc2 {[%clk 01:02:13]} {[%emt 00:04:44]}
Bb7 {[%clk 00:47:52]} {[%emt 00:07:24]} 16. Rfe1 {[%clk 01:00:31]} {[%emt
00:02:11]} Qe7 {[%clk 00:40:58]} {[%emt 00:07:23]} 17. f4 {[%clk 00:41:57]}
{[%emt 00:19:05]} e4 {[%clk 00:35:26]} {[%emt 00:06:03]} 18. d5 {[%clk
00:41:16]} {[%emt 00:01:11]} Nc5 {[%clk 00:31:53]} {[%emt 00:04:01]} 19. Nd4
{[%clk 00:39:09]} {[%emt 00:02:39]} Qd7 {[%clk 00:30:21]} {[%emt 00:02:02]} 20.
Qd1 {[%clk 00:31:59]} {[%emt 00:07:39]} c6 {[%clk 00:27:28]} {[%emt 00:03:24]}
21. fxg5 {[%clk 00:27:24]} {[%emt 00:05:05]} hxg5 {[%clk 00:27:38]} {[%emt
00:00:20]} 22. dxc6 {[%clk 00:27:41]} {[%emt 00:00:13]} Bxc6 {[%clk 00:28:03]}
{[%emt 00:00:06]} 23. Nxc6 {[%clk 00:26:48]} {[%emt 00:01:23]} Qxc6 {[%clk
00:28:23]} {[%emt 00:00:09]} 24. Nb3 {[%clk 00:27:05]} {[%emt 00:00:13]} Nxb3
{[%clk 00:25:34]} {[%emt 00:03:19]} 25. Qxb3 {[%clk 00:27:20]} {[%emt
00:00:14]} Nd7 {[%clk 00:23:43]} {[%emt 00:02:20]} 26. Red1 {[%clk 00:22:54]}
{[%emt 00:04:57]} Nc5 {[%clk 00:15:04]} {[%emt 00:09:10]} 27. Qc2 {[%clk
00:22:51]} {[%emt 00:00:32]} Rad8 {[%clk 00:15:02]} {[%emt 00:00:32]} 28. Rd5
{[%clk 00:21:00]} {[%emt 00:02:22]} f6 {[%clk 00:06:31]} {[%emt 00:09:01]} 29.
b3 {[%clk 00:18:06]} {[%emt 00:03:24]} Na6 {[%clk 00:05:23]} {[%emt 00:01:38]}
30. Qd2 {[%clk 00:16:18]} {[%emt 00:02:16]} Bf8 {[%clk 00:05:16]} {[%emt
00:00:38]} 31. c5 {[%clk 00:13:08]} {[%emt 00:03:41]} Nb4 {[%clk 00:04:13]}
{[%emt 00:01:33]} 32. Bc4 {[%clk 00:11:21]} {[%emt 00:02:17]} Kg7 {[%clk
00:04:04]} {[%emt 00:00:39]} 33. Rd4 {[%clk 00:10:06]} {[%emt 00:01:44]} bxc5
{[%clk 00:03:56]} {[%emt 00:00:38]} 34. Bb5 {[%clk 00:09:49]} {[%emt 00:00:48]}
Qb6 {[%clk 00:03:56]} {[%emt 00:00:30]} 35. Rxb4 {[%clk 00:09:04]} {[%emt
00:01:15]} cxb4 {[%clk 00:03:25]} {[%emt 00:00:59]} 36. Bxe8 {[%clk 00:09:30]}
{[%emt 00:00:05]} Rxe8 {[%clk 00:03:54]} 37. Rc1 {[%clk 00:09:28]} {[%emt
00:00:32]} Rd8 {[%clk 00:03:30]} {[%emt 00:00:54]} 38. Rc2 {[%clk 00:08:28]}
{[%emt 00:01:30]} Be7 {[%clk 00:01:30]} {[%emt 00:02:31]} 39. Kf2 {[%clk
00:07:37]} {[%emt 00:01:20]} Rd7 {[%clk 00:01:12]} {[%emt 00:00:48]} 40. Qd5
{[%clk 00:06:50]} {[%emt 00:01:16]} Qb7 {[%clk 00:00:41]} {[%emt 00:01:01]} 41.
Qxa5 {[%clk 00:05:23]} {[%emt 00:01:56]} Bd8 {[%clk 00:27:32]} {[%emt
00:03:40]} 42. Qf5 {[%clk 00:34:04]} {[%emt 00:01:49]} d5 {[%clk 00:21:31]}
{[%emt 00:06:33]} 43. Rc5 {[%clk 00:26:51]} {[%emt 00:07:42]} d4 {[%clk
00:14:30]} {[%emt 00:07:31]} 44. exd4 {[%clk 00:19:50]} {[%emt 00:07:30]} Rxd4
{[%clk 00:10:03]} {[%emt 00:04:58]} 45. Qe6 {[%clk 00:19:50]} {[%emt 00:00:29]}
Bb6 {[%clk 00:05:24]} {[%emt 00:05:11]} 46. Rxg5+ {[%clk 00:18:56]} {[%emt
00:01:24]} fxg5 {[%clk 00:05:41]} {[%emt 00:00:12]} 47. Be5+ {[%clk 00:19:21]}
{[%emt 00:00:05]} Kf8 {[%clk 00:05:21]} {[%emt 00:00:50]} 48. Qh6+ {[%clk
00:19:09]} {[%emt 00:00:43]} Ke8 {[%clk 00:04:03]} {[%emt 00:01:48]} 49. Qh8+
{[%clk 00:19:28]} {[%emt 00:00:12]} Kd7 {[%clk 00:02:43]} {[%emt 00:01:50]} 50.
Bxd4 {[%clk 00:19:31]} {[%emt 00:00:26]} Bxd4+ {[%clk 00:02:46]} {[%emt
00:00:27]} 51. Qxd4+ {[%clk 00:19:55]} {[%emt 00:00:06]} Ke6 {[%clk 00:02:34]}
{[%emt 00:00:41]} 52. Ke3 {[%clk 00:19:49]} {[%emt 00:00:37]} Kf5 {[%clk
00:02:23]} {[%emt 00:00:39]} 53. h3 {[%clk 00:19:33]} {[%emt 00:00:48]} Qb8
{[%clk 00:01:54]} {[%emt 00:00:59]} 54. Qxe4+ {[%clk 00:19:12]} {[%emt
00:00:50]} Kf6 {[%clk 00:02:12]} {[%emt 00:00:11]} 55. Kf3 {[%clk 00:19:24]}
{[%emt 00:00:19]} Qd6 {[%clk 00:02:20]} {[%emt 00:00:23]} 56. Kg4 {[%clk
00:18:04]} {[%emt 00:01:50]} Qd7+ {[%clk 00:02:34]} {[%emt 00:00:17]} 57. Kh5
{[%clk 00:18:16]} {[%emt 00:00:16]} Qf7+ {[%clk 00:02:49]} {[%emt 00:00:16]}
58. Kg4 {[%clk 00:17:42]} {[%emt 00:01:03]} Qd7+ {[%clk 00:03:14]} {[%emt
00:00:06]} 59. Kg3 {[%clk 00:17:42]} {[%emt 00:00:29]} Qd6+ {[%clk 00:03:19]}
{[%emt 00:00:26]} 60. Kf2 {[%clk 00:17:50]} {[%emt 00:00:22]} Qd2+ {[%clk
00:02:28]} {[%emt 00:01:21]} 61. Qe2 {[%clk 00:17:59]} {[%emt 00:00:20]} Qd4+
{[%clk 00:02:35]} {[%emt 00:00:24]} 62. Qe3 {[%clk 00:17:32]} {[%emt 00:00:57]}
Qb2+ {[%clk 00:02:28]} {[%emt 00:00:37]} 63. Kg1 {[%clk 00:16:58]} {[%emt
00:01:03]} Qa1+ {[%clk 00:01:45]} {[%emt 00:01:14]} 64. Kh2 {[%clk 00:17:22]}
{[%emt 00:00:06]} Qa3 {[%clk 00:01:52]} {[%emt 00:00:23]} 65. Qb6+ {[%clk
00:16:19]} {[%emt 00:01:34]} Kf5 {[%clk 00:02:03]} {[%emt 00:00:19]} 66. a5
{[%clk 00:16:01]} {[%emt 00:00:48]} Qxb3 {[%clk 00:02:25]} {[%emt 00:00:08]}
67. Qc5+ {[%clk 00:14:38]} {[%emt 00:01:53]} Kf4 {[%clk 00:00:48]} {[%emt
00:02:06]} 68. Qd4+ {[%clk 00:13:28]} {[%emt 00:01:41]} Kf5 {[%clk 00:01:14]}
{[%emt 00:00:04]} 69. a6 {[%clk 00:13:21]} {[%emt 00:00:37]} Qc3 {[%clk
00:01:26]} {[%emt 00:00:18]} 70. Qd5+ {[%clk 00:13:18]} {[%emt 00:00:32]} Kf4
{[%clk 00:00:33]} {[%emt 00:01:23]} 71. Qd6+ {[%clk 00:13:29]} {[%emt
00:00:19]} Kf5 {[%clk 00:00:44]} {[%emt 00:00:20]} 72. a7 {[%clk 00:13:46]}
{[%emt 00:00:13]} b3 {[%clk 00:00:31]} {[%emt 00:00:43]} 73. a8=Q {[%emt
00:00:12]} b2 {[%clk 00:00:58]} {[%emt 00:00:03]} 74. Qad5+ {[%clk 00:14:23]}
{[%emt 00:00:11]} Qe5+ {[%clk 00:01:13]} {[%emt 00:00:15]} 75. Q5xe5# {[%clk
00:14:44]} {[%emt 00:00:08]} 1-0

[Event "DVM U14 2024"]
[Site "Heidelberg GER"]
[Date "2024.12.30"]
[Round "7"]
[White "Retzlaff, Nick"]
[Black "Ahryzkov, Ivan"]
[Result "1-0"]
[Termination "normal"]
[Board "5.3"]
[WhiteElo "1979"]
[BlackElo "1813"]
[WhiteClock "00:04:42"]
[BlackClock "00:05:53"]
[WhiteTeam "SF 59 Kornwestheim"]
[BlackTeam "Hamburger SK 1830"]
[PlyCount "63"]
[WhiteFideId "34610367"]
[BlackFideId "34123750"]
[EventCountry "GER"]
[EventRounds "7"]
[EventType "team-swiss"]
[EventDate "2024.12.26"]

1. e4 {[%clk 01:30:58]} {[%emt 00:00:02]} c5 {[%clk 01:30:51]} {[%emt
00:00:10]} 2. Nf3 {[%clk 01:31:25]} {[%emt 00:00:03]} d6 {[%clk 01:31:16]}
{[%emt 00:00:05]} 3. d4 {[%clk 01:31:52]} {[%emt 00:00:03]} cxd4 {[%clk
01:31:40]} {[%emt 00:00:06]} 4. Nxd4 {[%clk 01:32:19]} {[%emt 00:00:04]} Nf6
{[%clk 01:32:05]} {[%emt 00:00:04]} 5. Nc3 {[%clk 01:32:44]} {[%emt 00:00:05]}
g6 {[%clk 01:32:32]} {[%emt 00:00:03]} 6. Be3 {[%clk 01:33:11]} {[%emt
00:00:03]} Bg7 {[%clk 01:32:57]} {[%emt 00:00:04]} 7. f3 {[%clk 01:33:37]}
{[%emt 00:00:04]} O-O {[%clk 01:33:18]} {[%emt 00:00:09]} 8. Qd2 {[%clk
01:33:58]} {[%emt 00:00:09]} Nc6 {[%emt 00:00:11]} 9. O-O-O {[%clk 01:34:21]}
{[%emt 00:00:01]} d5 {[%clk 01:33:27]} {[%emt 00:00:47]} 10. exd5 {[%clk
01:34:25]} {[%emt 00:00:26]} Nxd5 {[%clk 01:33:51]} {[%emt 00:00:05]} 11. Nxc6
{[%clk 01:32:03]} {[%emt 00:02:52]} bxc6 {[%clk 01:34:17]} {[%emt 00:00:05]}
12. Bd4 {[%clk 01:32:05]} {[%emt 00:00:27]} e5 {[%clk 01:19:52]} {[%emt
00:14:55]} 13. Bc5 {[%clk 01:32:08]} {[%emt 00:00:27]} Re8 {[%clk 01:20:09]}
{[%emt 00:00:13]} 14. Ne4 {[%clk 01:07:17]} {[%emt 00:25:22]} Be6 {[%clk
01:13:03]} {[%emt 00:07:36]} 15. Bc4 {[%clk 01:02:21]} {[%emt 00:05:26]} Qc7
{[%clk 01:01:32]} {[%emt 00:12:00]} 16. h4 {[%clk 00:51:06]} {[%emt 00:11:45]}
Red8 {[%clk 00:48:31]} {[%emt 00:13:31]} 17. g4 {[%clk 00:21:41]} {[%emt
00:29:56]} Nb6 {[%clk 00:41:01]} {[%emt 00:08:00]} 18. Bxb6 {[%clk 00:21:11]}
{[%emt 00:01:00]} Qxb6 {[%clk 00:38:41]} {[%emt 00:02:51]} 19. Qc3 {[%clk
00:20:17]} {[%emt 00:01:24]} Bxc4 {[%clk 00:28:23]} {[%emt 00:10:47]} 20. Qxc4
{[%clk 00:20:08]} {[%emt 00:00:40]} Qe3+ {[%clk 00:23:41]} {[%emt 00:05:12]}
21. Kb1 {[%clk 00:19:17]} {[%emt 00:01:21]} Qxf3 {[%clk 00:20:00]} {[%emt
00:04:10]} 22. Rdf1 {[%clk 00:17:12]} {[%emt 00:02:36]} Rd4 {[%clk 00:17:37]}
{[%emt 00:02:53]} 23. Rxf3 {[%clk 00:08:35]} {[%emt 00:09:08]} Rxc4 {[%clk
00:17:58]} {[%emt 00:00:08]} 24. Re1 {[%clk 00:08:09]} {[%emt 00:00:56]} Rd8
{[%clk 00:17:17]} {[%emt 00:01:11]} 25. c3 {[%clk 00:07:19]} {[%emt 00:01:21]}
Ra4 {[%clk 00:15:32]} {[%emt 00:02:15]} 26. b3 {[%clk 00:07:01]} {[%emt
00:00:48]} Ra6 {[%clk 00:14:10]} {[%emt 00:01:53]} 27. Nc5 {[%clk 00:05:44]}
{[%emt 00:01:47]} Rb6 {[%clk 00:14:17]} {[%emt 00:00:21]} 28. Ref1 {[%clk
00:04:53]} {[%emt 00:01:22]} Rd5 {[%clk 00:11:23]} {[%emt 00:03:23]} 29. Ne4
{[%clk 00:04:32]} {[%emt 00:00:51]} c5 {[%clk 00:10:27]} {[%emt 00:01:26]} 30.
Rxf7 {[%clk 00:04:30]} {[%emt 00:00:32]} c4 {[%clk 00:05:26]} {[%emt 00:05:31]}
31. Rxa7 {[%clk 00:04:28]} {[%emt 00:00:33]} cxb3 {[%clk 00:05:53]} {[%emt
00:00:03]} 32. Ra8+ {[%clk 00:04:42]} {[%emt 00:00:17]} 1-0

[Event "DVM U14 2024"]
[Site "Heidelberg GER"]
[Date "2024.12.30"]
[Round "7"]
[White "Gorbatschow, Bogdan"]
[Black "Hasanovic, Arian"]
[Result "1-0"]
[Termination "normal"]
[Board "5.4"]
[WhiteElo "1728"]
[BlackElo "1685"]
[WhiteClock "00:37:16"]
[BlackClock "00:17:34"]
[WhiteTeam "Hamburger SK 1830"]
[BlackTeam "SF 59 Kornwestheim"]
[PlyCount "51"]
[WhiteFideId "34650563"]
[BlackFideId "34610391"]
[EventCountry "GER"]
[EventRounds "7"]
[EventType "team-swiss"]
[EventDate "2024.12.26"]

1. e4 {[%clk 01:30:59]} {[%emt 00:00:01]} e5 {[%clk 01:30:57]} {[%emt
00:00:04]} 2. Nf3 {[%clk 01:31:23]} {[%emt 00:00:06]} Nc6 {[%clk 01:31:25]}
{[%emt 00:00:03]} 3. d4 {[%clk 01:31:45]} {[%emt 00:00:07]} exd4 {[%clk
01:31:52]} {[%emt 00:00:03]} 4. Nxd4 {[%clk 01:32:09]} {[%emt 00:00:07]} Nf6
{[%clk 01:31:00]} {[%emt 00:01:21]} 5. Nc3 {[%clk 01:32:29]} {[%emt 00:00:10]}
Bc5 {[%clk 01:29:47]} {[%emt 00:01:43]} 6. Be3 {[%clk 01:31:07]} {[%emt
00:01:53]} Bxd4 {[%clk 01:24:49]} {[%emt 00:05:28]} 7. Bxd4 {[%clk 01:31:30]}
{[%emt 00:00:07]} d6 {[%clk 01:25:12]} {[%emt 00:00:07]} 8. Be2 {[%clk
01:25:22]} {[%emt 00:06:38]} O-O {[%clk 01:24:18]} {[%emt 00:01:24]} 9. O-O
{[%clk 01:25:41]} {[%emt 00:00:10]} Re8 {[%clk 01:24:13]} {[%emt 00:00:36]} 10.
Bf3 {[%clk 01:24:18]} {[%emt 00:01:53]} Ne5 {[%clk 01:21:01]} {[%emt 00:03:42]}
11. Re1 {[%clk 01:19:23]} {[%emt 00:05:25]} Bd7 {[%clk 01:10:16]} {[%emt
00:11:15]} 12. Bxe5 {[%clk 01:16:02]} {[%emt 00:03:51]} Rxe5 {[%clk 01:08:19]}
{[%emt 00:02:27]} 13. Nd5 {[%clk 01:16:07]} {[%emt 00:00:24]} Nxd5 {[%clk
00:43:27]} {[%emt 00:25:23]} 14. exd5 {[%clk 01:16:28]} {[%emt 00:00:08]} Qe7
{[%clk 00:43:37]} {[%emt 00:00:19]} 15. b3 {[%clk 01:08:16]} {[%emt 00:08:44]}
b5 {[%clk 00:39:42]} {[%emt 00:04:25]} 16. b4 {[%clk 01:02:59]} {[%emt
00:05:47]} Bf5 {[%clk 00:37:37]} {[%emt 00:02:34]} 17. c3 {[%clk 00:59:48]}
{[%emt 00:03:41]} Be4 {[%clk 00:34:57]} {[%emt 00:03:09]} 18. Bxe4 {[%clk
00:57:38]} {[%emt 00:02:40]} Rxe4 {[%clk 00:35:14]} {[%emt 00:00:12]} 19. Rxe4
{[%clk 00:47:13]} {[%emt 00:10:57]} Qxe4 {[%clk 00:35:39]} {[%emt 00:00:05]}
20. Qf3 {[%clk 00:47:28]} {[%emt 00:00:14]} Qc4 {[%clk 00:30:09]} {[%emt
00:06:00]} 21. a4 {[%clk 00:45:44]} {[%emt 00:02:15]} bxa4 {[%clk 00:24:33]}
{[%emt 00:06:06]} 22. Rxa4 {[%clk 00:45:58]} {[%emt 00:00:15]} Re8 {[%clk
00:24:35]} {[%emt 00:00:28]} 23. Ra1 {[%clk 00:43:36]} {[%emt 00:02:52]} Re2
{[%clk 00:22:00]} {[%emt 00:03:05]} 24. h3 {[%clk 00:39:32]} {[%emt 00:04:34]}
a6 {[%clk 00:19:53]} {[%emt 00:02:37]} 25. Rd1 {[%clk 00:37:19]} {[%emt
00:02:43]} Rc2 {[%clk 00:17:34]} {[%emt 00:02:48]} 26. Qf5 {[%clk 00:37:16]}
{[%emt 00:00:34]} 1-0